000 00427nam a2200181 i 4500
001 bg
100 1 _aDRYŃSKI, Tadeusz
245 0 _aĆwiczenia laboratoryjne z fizyki /
_cT. Dryński.
250 _aWyd.4.
260 _aWarszawa,
_c1976.
650 9 _aFizyka
655 _aĆwiczenia i zadania
040 _cBPK
041 _apol
080 _a53(075.8)(076)
942 _cKS
008 s pl f |000 0 pol
999 _c2012
_d2012
856 _uhttp://koha.tu.koszalin.pl/cgi-bin/koha/opac-detail.pl?biblionumber=2012
_yKatalog online BPK